000 00327nam a2200145Ia 4500
008 230711s9999||||xx |||||||||||||| ||und||
041 _aENG
082 _a621
_bKH-V
100 _aKhanna,M.L
245 0 _aVector analysis
250 _a3rd
260 _c1989
_aNew Delhi
_bKhanna Publishers
650 _aMathematics
942 _cBK
999 _c356
_d356